UBT Library

Fundamentals of occupational safety and health / (Record no. 39055)

000 -LEADER
fixed length control field 01118cam a2200265 a 4500
001 - CONTROL NUMBER
control field 14490574
005 - DATE AND TIME OF LATEST TRANSACTION
control field 20171218050654.0
008 - FIXED-LENGTH DATA ELEMENTS--GENERAL INFORMATION
fixed length control field 060810s2007 mdua b 001 0 eng
010 ## - LIBRARY OF CONGRESS CONTROL NUMBER
LC control number 2006026205
020 ## - INTERNATIONAL STANDARD BOOK NUMBER
International Standard Book Number 086587171X (pbk. : alk. paper)
020 ## - INTERNATIONAL STANDARD BOOK NUMBER
International Standard Book Number 9780865871717 (pbk. : alk. paper)
035 ## - SYSTEM CONTROL NUMBER
System control number (OCoLC)ocm70911152
040 ## - CATALOGING SOURCE
Original cataloging agency DLC
Transcribing agency DLC
Modifying agency YDX
-- BAKER
-- YDXCP
-- BTCTA
-- CRH
-- VRC
-- ZNL
-- DLC
041 ## - LANGUAGE CODE
Language code of text/sound track or separate title eng
043 ## - GEOGRAPHIC AREA CODE
Geographic area code n-us---
080 ## - UNIVERSAL DECIMAL CLASSIFICATION NUMBER
Universal Decimal Classification number 363.11 MAR
082 00 - DEWEY DECIMAL CLASSIFICATION NUMBER
Classification number 363.11 MAR
Edition number 22
100 1# - Rafti
Rafti 3
101 ## - Shkurtesa
Shkurtesa SHM
245 10 - TITLE STATEMENT
Title Fundamentals of occupational safety and health /
Statement of responsibility, etc Mark A. Friend and James P. Kohn.
504 ## - BIBLIOGRAPHY, ETC. NOTE
Bibliography, etc Includes bibliographical references and index.
906 ## - LOCAL DATA ELEMENT F, LDF (RLIN)
a 7
b cbc
c orignew
d 1
e ecip
f 20
g y-gencatlg
942 ## - ADDED ENTRY ELEMENTS (KOHA)
Source of classification or shelving scheme
Item type Books
Holdings
Withdrawn status Lost status Source of classification or shelving scheme Damaged status Not for loan Collection code Permanent location Current location Shelving location Date acquired Total Checkouts Full call number Barcode Date last seen Price effective from Koha item type
          Koleksioni i përgjithshem UBT - Lipjan UBT - Lipjan Koleksioni i përgjithshem 12/18/2017   363.11 MAR 002-29589 12/18/2017 12/18/2017 Books
UBT Library © 2015-2024. All rights reserved University Education for Business and Technology